000 00497nam a22001697a 4500
005 20140310183629.0
008 131115b xxu||||| |||| 00| 0 eng d
020 _a9789710727186
050 _aDS 675.8
_b.R627 2011
082 _aFIL 809.83
_bR52 1999
100 _aRizal, Jose
245 _aEl Filibusterismo :
_bAlab ng Lahi /
_cDr. Jose Rizal
260 _aQuezon City :
_bVibal Publishing House, Inc.,
_c2011.
300 _a266 p. :
_bcol. ill. ;
_c26 cm.
942 _2lcc
_cBK
999 _c25565
_d25565